El capitán Alatriste : (Registro nro. 13219)

Detalles MARC
000 -LEADER
fixed length control field 00798nam a22002777a 4500
001 - CONTROL NUMBER
control field 000316
003 - CONTROL NUMBER IDENTIFIER
control field DO-SdBNP
005 - DATE AND TIME OF LATEST TRANSACTION
control field 20171130085536.0
007 - PHYSICAL DESCRIPTION FIXED FIELD--GENERAL INFORMATION
fixed length control field 000316
008 - FIXED-LENGTH DATA ELEMENTS--GENERAL INFORMATION
fixed length control field 160624b 2001 sp | 00| 0 spa d
020 ## - INTERNATIONAL STANDARD BOOK NUMBER
International Standard Book Number 9788466320535
040 ## - CATALOGING SOURCE
Original cataloging agency BPMSU
Language of cataloging spa
Transcribing agency BPMSU
092 ## - LOCALLY ASSIGNED DEWEY CALL NUMBER (OCLC)
Classification number xxxxxx
Item number xxxxxx
100 1# - MAIN ENTRY--PERSONAL NAME
Personal name Pérez-Reverte, Arturo,
Dates associated with a name 1951-
245 10 - TITLE STATEMENT
Title El capitán Alatriste :
Statement of responsibility, etc. Arturo y Carlota Pérez-Reverte.
Remainder of title y la españa del Siglo de Oro /
250 ## - EDITION STATEMENT
Edition statement
260 ## - PUBLICATION, DISTRIBUTION, ETC. (IMPRINT)
Place of publication, distribution, etc. Madrid :
Name of publisher, distributor, etc. El País,
Date of publication, distribution, etc. 2001
300 ## - PHYSICAL DESCRIPTION
Extent 156 p. ;
Dimensions 29 cm.
490 1# - SERIES STATEMENT
Series statement
Volume/sequential designation
500 ## - GENERAL NOTE
General note Una carpeta con varios volumenes
700 12 - ADDED ENTRY--PERSONAL NAME
Personal name Pérez-Reverte, Carlota,
Dates associated with a name 1983-
830 #0 - SERIES ADDED ENTRY--UNIFORM TITLE
Name of part/section of a work
Volume number/sequential designation
942 ## - ADDED ENTRY ELEMENTS (KOHA)
Source of classification or shelving scheme Dewey Decimal Classification
Koha item type Libros
945 ## - LOCAL PROCESSING INFORMATION (OCLC)
a Inventariado extranjero / 2017 VM
956 ## - LOCAL ELECTRONIC LOCATION AND ACCESS (OCLC)
Access method VMATEO
Materials specified 10
Linkage 20171101
Field link and sequence number BPMSU
Host name 00041
Existencias
Withdrawn status Lost status Source of classification or shelving scheme Damaged status Not for loan Collection code Home library Current library Date acquired Total Checkouts Barcode Date last seen Price effective from Koha item type
    Dewey Decimal Classification     Colección Infantil General Biblioteca Pública Metropolitana Salomé Ureña Biblioteca Pública Metropolitana Salomé Ureña 11/30/2017   BPMSU17110546 11/30/2017 11/30/2017 Libros